000 00562nam a2200241 a 4500
001 nice12345678
003 IN_TiNIC
005 20260116012630.0
008 050524s1976 glaa grp 000 0 eng
020 _a
_c268.6
082 0 0 _a200
_bGRI
100 _aGriffiths, Bede
245 _aReturn to the Centre
260 _aGlasgow
_bWilliam Collins Sons
_c1976
300 _a146p
500 _aincludes index and biblioraphy
505 2 _aNotes
650 _aReligion
700 1 _aGriffiths, Bede
902 _bSRS
942 _cBK
999 _c7739
_d7739